5 meilleurs buteurs par club #2 - Statistiques

Statistiques générales
  • Ce quiz a été pris 156 fois
  • Le résultat moyen est 9 sur 25
Statistiques - réponses
Club Club actuel Nationalité Nombre de buts Joueur % Correct
Real Madrid Al-Nassr FC Portugais 450 Ronaldo
100%
Real Madrid Al-Ittihad Club Français 354 Benzema
99%
FC Barcelone Inter Miami Argentin 672 Messi
95%
FC Barcelone Gremio Porto Alegre Uruguayen 195 Suarez
92%
Atletico Madrid Atletico Madrid Français 157 Griezmann
88%
Real Madrid Retraité Espagnol 323 Raul
88%
FC Barcelone Retraité Camerounais 130 Eto'o
87%
Real Madrid Retraité Espagnol 269 Di Stéfano
57%
Atletico Madrid Retraité Espagnol 129 Torres
56%
FC Valence Retraité Espagnol 129 VIlla
54%
Atletico Madrid Retraité Argentin 101 Aguero
38%
FC Seville Cadiz CF Espagnol 85 Negredo
12%
FC Seville Retraité Malien 135 Kanouté
11%
FC Seville Retraité Croate 81 Suker
11%
FC Seville Retraité Brésilien 103 Fabiano
6%
FC barcelone Retraité Hongrois 193 Kubala
6%
Atletico Madrid Retraité Espagnol 154 Aragones
3%
FC Barcelone Retraité Espagnol 226 Rodriguez
3%
Real Madrid Retraité Espagnol 253 Santillana
3%
FC Valence Retraité Espagnol 122 Fernando
2%
FC Valence Retraité Argentin 132 Kempes
2%
FC Seville Retraité Espagnol 103 Campanal
1%
FC Valence Retraité Brésilien 86 Machado
1%
FC Valence Retraité Espagnol 191 Mundo
1%
Atletico Madrid Retraité Espagnol 121 Garate
0%
Aucun quiz correspondant
Distribution des résultats
% des personnes avec chaque résultat
Percentile par nombre de réponses
Votre historique - résultats
Vous n’avez pas pris ce quiz